• 首页
  • 本馆介绍
  • 公告通知
  • 最新文献
  • 馆藏检索
  • 电子资源
  • 读者导购
  • 参考咨询
  • 我的图书馆
  • 登录
  • 详细信息显示
  • 放入我的书架
  • 预约/预借图书
  • 作者相关作品
  • 分类相关作品
  • 丛书相关作品
  • 出版社相关作品

书目信息

  • 表格格式
  • 工作单格式
  • 卡片格式
题名:
生命的律动
    
 
作者: 约翰·马丁 著 ;欧建平 译
分册:  
出版信息: 北京   文化艺术出版社  1994.07
页数: 323页
开本: 20cm
丛书名: 思想者书系
单 册:
中图分类: J70
科图分类:
主题词: 舞蹈艺术--艺术理论
电子资源:
ISBN: 7-5039-1264-2
000 00794nam0 2200253 45
001 0112100851
005 20031219104051.8
010    @a7-5039-1264-2@dCNY15.50
100    @a20011210d1994 km y0chiy0120 ea
101 0  @achi
105    @a z 000yy
200 1  @a生命的律动@ASheng Ming De Lu Dong@e舞蹈概论@EWu Dao Gai Lun@f(美)约翰·马丁著@F(Mei)Yue Han·Ma Ding Zhu@g欧建平译
210    @a北京@c文化艺术出版社@d1994.07
215    @a323页@d20cm
225    @a思想者书系
300    @a书末附文:约翰·马丁赞及论约翰·马丁的舞蹈理论
410    @12001 @a思想者书系
517 1  @a舞蹈概论@AWu Dao Gai Lun
606 0  @a舞蹈艺术@x艺术理论
690    @aJ70@v4
701  0 @a约翰·马丁@4著
702  0 @a欧建平@AOu Jian Ping@4译
801    @aCN@bTSTC@c20011210
905    @f9@b301309-317@dJ70@e29
    
    生命的律动:舞蹈概论/(美)约翰·马丁著/欧建平译.-北京:文化艺术出版社,1994.07
    323页;20cm.-(思想者书系)
    书末附文:约翰·马丁赞及论约翰·马丁的舞蹈理论
    
    ISBN 7-5039-1264-2:CNY15.50
    
●
相关链接 在E读中查询图书 在五车中查询图书 在当当中查询图书 在豆瓣中查询图书


正题名:生命的律动     索取号:J70/29         预约/预借

序号 登录号 条形码 馆藏地/架位号 状态 备注
1 0301309   203013096   第一借阅区/ [索取号:J70/29] 在馆    
2 0301310   203013103   第一借阅区/ [索取号:J70/29] 在馆    
3 0301311   203013112   第一借阅区/ [索取号:J70/29] 在馆    
4 0301312   203013121   第一借阅区/ [索取号:J70/29] 在馆    
5 0301313   203013130   第一借阅区/ [索取号:J70/29] 在馆    
6 0301314   203013149   第一借阅区/ [索取号:J70/29] 在馆    
7 0301315   203013158   第一借阅区/ [索取号:J70/29] 在馆    
8 0301316   203013167   第一借阅区/ [索取号:J70/29] 在馆    
9 0301317   203013176   第一样本阅览室/ [索取号:J70/29] 在馆    
唐山师范学院图书馆 欢迎您!
大连网信软件有限公司© 版权所有